000 02536nam0a2200445 4500
001 RU\NLR\BIBL_A\012648181
005 20211221112348.0
021 _aRU
_bКН-П-21-035954
_9КН-П-21-2799
029 1 0 _aRU
_b34711-2021
_cГОСТ
035 _a(NLR Aleph) 012648181
090 _a12717861
_c12717861
100 _a20211122d2021 k y0rusy50 ca
101 0 _arus
102 _aRU
105 _aa l 000|y
181 0 _ai
_baxxe
182 0 _an
200 1 _aГаз природный
_iОпределение массовой концентрации водяных паров
_e(ISO 10101-1:1993, NEQ )(ISO 10101-2: 1993, NEQ )(ISO 10101-3 :1993, NEQ)
_dNatural gas. Determination of water vapors mass concentration
_zeng
_eГОСТ 34711-2021
_fРазработан Обществом с ограниченной ответственностью Научно-исследовательский институт природных газов и газовых технологий - Газпром ВНИИГАЗ (ООО "Газпром ВНИИГАЗ")
203 _aТекст
_bвизуальный
_cнепосредственный
205 _aИзд. офиц.
210 _aМосква
_cСтандартинформ
_d2021
215 _a26 c.
_cил
_d29
225 1 _aМежгосударственный стандарт
_fМежгосударственный совет по стандартизации, метрологии и сертификации
239 _aВвед. 01.07.2022 с правом досрочного применения
320 _aБиблиогр.: с. 26 (2 назв.)
510 1 _aNatural gas
_zeng
510 1 _aDetermination of water vapors mass concentration
_zeng
517 1 _aГОСТ 34711-2021
606 1 _aУглеводородные газы жидкие
_jСтандарты
_xАнализ
_91936249
_3RU\NLR\AUTH\661172793
606 1 _aВода
_jСтандарты
_xОпределение
_9916173
_3RU\NLR\AUTH\6615891
686 _v2000
_2oks
686 1 _aЛ547.23-1с448я861
686 1 _aГ439.4я861
712 0 2 _4725
_aМежгосударственный совет по стандартизации, метрологии и сертификации
_9321571
_3RU\NLR\AUTH\8823529
712 0 2 _4900
_aНИИ природных газов и газовых технологий
_cМосква
_9552297
_3RU\NLR\AUTH\8810027062
942 _cBOOK
980 _aNB